000 00598nam a2200205 a 4500
005 20140310183430.0
008 080107s19uu xx 00 eng d
020 _a978-0-240-80934-2
050 _aTR 267
_b.F74 2007
100 _aFreeman, Michael
245 _aThe photographer's eye :
_bcomposition and design for better digital photos /
260 _aU.S.A :
_bFocal Press,
_c2007.
300 _a192 p. :
_bcol. ill. ;
_c36 cm.
521 _aMA
650 _aPhotography, Artistic.
650 _aPhotography
_xHistory.
650 _aPhotographs.
942 _cBK
_2lcc
_kFOR
999 _c22721
_d22721